Artificial Intelligence On The BBC (Record no. 20242)

MARC details
000 -LEADER
fixed length control field 00378nam a22001457a 4500
008 - FIXED-LENGTH DATA ELEMENTS--GENERAL INFORMATION
fixed length control field 230926b |||||||| |||| 00| 0 eng d
082 ## - DEWEY DECIMAL CLASSIFICATION NUMBER
Classification number 105.32
100 ## - MAIN ENTRY--AUTHOR NAME
Personal name Keith & Steven Brain
245 ## - TITLE STATEMENT
Title Artificial Intelligence On The BBC
Statement of responsibility, etc Keith & Steven Brain
260 ## - PUBLICATION, DISTRIBUTION, ETC. (IMPRINT)
Place of publication Delhi
Name of publisher BPB
Year of publication 1986
300 ## - PHYSICAL DESCRIPTION
Number of Pages 115
650 ## - SUBJECT ADDED ENTRY--TOPICAL TERM
Topical Term BB CSE
796 ## - LOCAL ADDED ENTRY--PERSONAL NAME (RLIN)
Personal name Keith & Steven Brain
942 ## - ADDED ENTRY ELEMENTS (KOHA)
Source of classification or shelving scheme Dewey Decimal Classification
Koha item type Books
Holdings
Accession Number Source of acquisition Price effective from Koha item type Withdrawn / writtenoff status Damaged status Not for loan Permanent Location Current Location Shelving location Date acquired Lost/ Missing status department
BB 1313 Donated 09/26/2023 Books       MIET Library, Jammu MIET Library, Jammu BL-Academic Block B, FL-2, CUP-100, SH-2, R-2 09/26/2023   BB